Statystyki dla Zwycięscy ligi Mistrzów 2010-2023

Kliknij tutaj aby rozwiązać quiz!

Ogólne statystyki

  • Ten quiz został rozwiązany 229 razy
  • Średni wynik to 12 z 14

Statystyki odpowiedzi

HintOdpowiedź% Poprawnych
2022Real Madryt
100%
2018Real Madryt
100%
2017Real Madryt
100%
2016Real Madryt
100%
2014Real Madryt
100%
2023Manchester City
90%
2015Fc Barcelona
81%
2011Fc Barcelona
81%
2019Liverpool
75%
2020Bayern
74%
2013Bayern
74%
2021Chelsea
74%
2012Chelsea
74%
2010Inter Mediolan
41%

Rozkład punktacji

Percentyl według liczby udzielonych odpowiedzi

Procent ludzi z każdym wynikiem

Twoja historia wyników

Nie rozwiązałeś tego quizu